LEADER 01231nam a22002533i 4500 001 991001609549707536 005 20031126151312.0 008 040407s1974 it a||||||||||||||||ita 035 $ab12796360-39ule_inst 035 $aARCHE-077599$9ExL 040 $aDip.to Scienze Storiche$bita$cA.t.i. Arché s.c.r.l. Pandora Sicilia s.r.l. 082 04$a916.762 100 1 $aParatore, Emanuele$0130184 245 12$aL'etnia come elemento di differenziazione nella geografia urbana di Nairobi =$bEthnic groups as an element of diversification in the urban geography of Nairobi /$cEmanuele Paratore 260 $aRoma :$b[s.n.],$c1974.$e(Roma :$fV. Ferri) 300 $a67 p. :$bill. ;$c24 cm 440 0$aPubblicazioni dell'Istituto di geografia, Università di Roma La Sapienza, Facoltà di lettere e filosofia.$nSerie A,$pAntropica e fisica ;$v18 651 4$aNairobi 907 $a.b12796360$b02-04-14$c16-04-04 912 $a991001609549707536 945 $aLE009 GEOG.16-101$g1$i2009000157590$lle009$o-$pE0.00$q-$rl$s- $t0$u1$v0$w1$x0$y.i13342095$z16-04-04 996 $aEtnia come elemento di differenziazione nella geografia urbana di Nairobi$9293610 997 $aUNISALENTO 998 $ale009$b16-04-04$cm$da $e-$fita$git $h2$i1 LEADER 00908nam0-2200277 --450 001 9910776893703321 005 20240201135141.0 100 $a20240201d1937----kmuy0itay5050 ba 101 0 $ager 102 $aDE 105 $ay 001yy 200 1 $a<>Schwarzrost$eseine Geschichte, seine Biologie und seine Bekämpfung in Verbindung mit der Berberitzenfrage$fvon Ernst Lehmann und Hans Kummer in Gemeinschaft mit Hans Dannemann 210 $aMünchen$aBerlin$cJ. F. Lehmanns$d1937 215 $aXXIV, 584 p$d25 cm. 610 0 $aAlfa 676 $a589.225$v19$zita 700 1$aLehmann,$bErnst$f<1880-1957>$070485 701 1$aKummer,$bHans$c$059719 702 1$aDannenmann,$bHans 801 0$aIT$bUNINA$gREICAT$2UNIMARC 901 $aBK 912 $a9910776893703321 952 $aA PAT 1119$b1133/2024$fFAGBC 959 $aFAGBC 996 $aSchwarzrost$93870738 997 $aUNINA